<?xml version="1.0" encoding="UTF-8"?>
<marc:record xmlns:marc="http://www.loc.gov/MARC21/slim">
   <marc:leader>00000nam a2200000 a 4500</marc:leader>
   <marc:datafield ind1="0" ind2="0" tag="245">
      <marc:subfield code="a">Viele tolle Fahrzeuge</marc:subfield>
   </marc:datafield>
   <marc:datafield ind1="0" ind2="0" tag="245">
      <marc:subfield code="c">Anne-Sophie Baumann ; Didier Balicevic ; [aus dem Französichen von Ursula Bachhausen]</marc:subfield>
   </marc:datafield>
   <marc:datafield ind1=" " ind2="1" tag="264">
      <marc:subfield code="a">Hildesheim</marc:subfield>
      <marc:subfield code="b">Gerstenberg</marc:subfield>
      <marc:subfield code="c">2017</marc:subfield>
   </marc:datafield>
   <marc:datafield ind1="1" ind2=" " tag="520">
      <marc:subfield code="a">Kinder lieben Fahrzeuge! Mit diesem Sachbilderbuch werden sich die Kleinen stundenlang beschäftigen: Auf 93 Seiten können sie über Fahrzeuge und Maschinen aller Art staunen und ihre Namen lernen. Ob Bagger, Motorräder, Rettungswagen, Hummerkutter oder Raumfähre - 105 Fahrzeuge, übersichtlich sortiert nach Einsatzgebiet, warten darauf, entdeckt zu werden! (Verlagstext)</marc:subfield>
   </marc:datafield>
   <marc:datafield ind1=" " ind2=" " tag="020">
      <marc:subfield code="a">9783836959643</marc:subfield>
      <marc:subfield code="9">9783836959643</marc:subfield>
   </marc:datafield>
   <marc:datafield ind1=" " ind2=" " tag="041">
      <marc:subfield code="a">ger</marc:subfield>
   </marc:datafield>
   <marc:datafield ind1="1" ind2=" " tag="521">
      <marc:subfield code="a">0</marc:subfield>
   </marc:datafield>
   <marc:datafield ind1=" " ind2=" " tag="300">
      <marc:subfield code="a">93 Seiten : Illustra</marc:subfield>
   </marc:datafield>
</marc:record>
